Hikayat Malim Deman
| Format: | Book |
|---|---|
| Published: |
Kuala Lumpur :
Jade Green Publications ,
1996
|
| Series: | Klasik Malaysia
|
| Subjects: |
MARC
| LEADER | 00000cam a2200000 7i4500 | ||
|---|---|---|---|
| 001 | 0000009537 | ||
| 002 | 000010393 | ||
| 005 | 20000330.0 | ||
| 020 | |a 9839293109 | ||
| 090 | 0 | 0 | |a JF |b HIK |
| 245 | 0 | 0 | |a Hikayat Malim Deman |c diceritakan semula oleh Badrul Risham Naruddin |
| 260 | |a Kuala Lumpur : |b Jade Green Publications , |c 1996 | ||
| 300 | |a 110p. : |b ill ; |c 17cm. | ||
| 490 | 0 | |a Klasik Malaysia | |
| 650 | 0 | 0 | |a Children's stories |
| 999 | |a 053927 |b BUKU |c PINJAMAN |e PERPUSTAKAAN KOMUNITI CAW KOTA DAMANSARA | ||
| 999 | |a 053928 |b BUKU |c PINJAMAN |e PERPUSTAKAAN KOMUNITI CAW KOTA DAMANSARA | ||